000 00970cam a2200205 4500
082 _a940.4
_bREI
100 1 _aReitz, Deneys,
_946669
245 1 0 _aTrekking on,
_cby Deneys Reitz; with a preface by General the Rt. Hon. J. C. Smuts.
260 _aLondon,
_bFaber & Faber limited
_c[1933]
300 _a2 p. l., 7-351 p.
_bfold, maps.
_c23 cm.
500 _aA narrative of the author's life in exile following the Boer war, his work upon his return to South Africa, and his part in the European war, first in South Africa and later in Europe.
500 _aAmerican edition (New York, Minton, Balch & company) has title: Afrikander.
500 _aFirst published in September 1933: third impression December 1933.
526 _a0
_b0
_c0
_d940_400000000000000_REI
650 0 _aMCE
_9379
650 0 _aWorld War, 1914-1918
_928173
650 0 _aWorld War, 1914-1918
_zGerman East Africa.
_949584
650 0 _aWorld War, 1914-1918
_zNamibia.
_949585
942 _2ddc
_cBK
999 _c552371
_d552371